000 00490cam a2200181ua 4500
001 620
008 110412n ii |||gr||||Z||||||eng
040 _cMAIN
082 _a303.625095416
245 1 _aUttor-pub himanta :
_bOsantir mul karonhomuh /
_cby Profulla Raichoudhury
250 _a1st.
260 _aGuwahati:
_bBani prokash,986.
300 _a188p:0cm.
653 _aPolitical science
653 _aUttor-pub himanto
700 _aRaichoudhury, Profulla.,
_eAuthor.
942 _cBK
999 _c550
_d550